Statistiques concernant Länder d'Allemagne - Carte Quiz

Cliquez ici pour prendre le quiz!

Statistiques générales

  • Ce quiz a été pris 14 116 fois
  • Le résultat moyen est 8 sur 16

Réponses sur la Carte

Les réponses sont colorées sur une échelle allant du rouge au vert en fonction du pourcentage des utilisateurs qui les ont devinées à leur premier essai. Vous pouvez retrouver ces pourcentages ci-dessous.
 

Statistiques - réponses

Réponse% Correct
Berlin
91%
Bavière
80%
Hambourg
72%
Brandebourg
63%
Brême
62%
Rhénanie-du-Nord-Westphalie
57%
Sarre
53%
Bade-Wurtemberg
48%
Mecklenbourg-Poméranie-Occidentale
46%
Rhénanie-Palatinat
46%
Schleswig-Holstein
45%
Saxe
44%
Hesse
35%
Basse-Saxe
31%
Thuringe
31%
Saxe-Anhalt
29%

Distribution des résultats

Percentile par nombre de réponses

% des personnes avec chaque résultat

Votre développement - résultats

Vous n’avez pas pris ce quiz